000
00283nam a22001217a 4500
008
170401b xxu||||| |||| 00| 0 eng d
041
_a
eng
080
_a
617
100
_a
8
101
_a
SHM
245
_a
MAY'S MANUAL OF THE DISEASE OF THE EYE
_c
PERERA, CH.A
942
_2
udc
_c
BK
999
_c
9370
_d
9370